000
00336nam a22001457a 4500
008
250625b |||||||| |||| 00| 0 eng d
020
_a
0070355525
050
_a
HD31
_b
.K66
100
_a
KOONTZ, Harold
245
_a
Management
250
_a
9th Edition
260
_a
New York
_b
MCGRAW-HILL
_c
1988
300
_a
xxiv,685p.
942
_c
BK
999
_c
3967
_d
3967